=LDR 00000nam 2200000 4500 =001 INLIS000000000004266 =005 20130612092534 =008 ***********************************Ind** =035 ##$$0010-061300000004266 =041 ##$$a Ind =082 ##$$a 642.1 =090 ##$$a 642.1, Res =245 ##$$a Resep praktis : aneka menu lebaran / editor Megarasa. -- =260 ##$$a 1998 $b Jakarta : Taramedia =300 ##$$a 24 hlm. ; 21 cm =650 ##$$a Menu, untuk rumah dan keluarga =710 ##$$a Megarasa =850 ##$$a NBPNMAT